| 000 | 00358nam a2200121Ia 4500 | ||
|---|---|---|---|
| 008 | 180116s9999 xx 000 0 und d | ||
| 020 | _a9780470671047 | ||
| 100 | _aAndrews, Elizabeth B. | ||
| 245 |
_cElizabeth B. Andrews, Nicholas Moore _aMann's Pharmacovigilance / |
||
| 250 | _a3rd ed | ||
| 260 |
_aUK _bJohn Wiley & Sons, Ltd. _c2014 |
||
| 300 | _a843 pages | ||
| 999 |
_c353246 _d353246 |
||